00910nam a2200265Ia 450000500170000000800410001702000150005808200180007310000290009124500720012025000190019230000420021149000280025350400380028165000340031965000380035365000320039165000340042365000190045726400450047633600270052133700330054833800280058104000350060920220317000636.0160601s2003 ck a g 000 0 spa  a958698103704a631.86 bB65g1 aBongcam Vásquez, Elkin10aGuía para compostaje y manejo de suelos cElkin Bongcam Vásquez a1a. edición  a31 páginas bilustraciones c27 cm  aCiencia y tecnología  aIncluye bibliografía y glosario142LEMBaAgricultura orgánica 142LEMBaFertilizantes orgánicos 142LEMBaSuelos y nutrición 142LEMBaAbonos y fertilizantes 142LEMBaCompost  aBogotá bConvenio Andrés Belloc2003 atextobtxt2rdacontent asin mediaciónbn2rdamedia avolumenbnc2rdacarrier aCO-BoRNBPbspaerdacCO-BoRNBP